| 000 | 00687nam a22002177a 4500 | ||
|---|---|---|---|
| 005 | 20170713150844.0 | ||
| 010 | _aENG-119176 | ||
| 020 |
_a9788175418110 _c200.00 |
||
| 035 | _aEN-102708 | ||
| 037 | _bDBAD/PUB | ||
| 082 | _a371.35 | ||
| 100 | _aSatyanarayana,P. | ||
| 245 |
_aDistance education : _cby P.Satyanarayana, C. Seshartnam [and] Emmanual D.K. Meduri _borigin, Growth and development / |
||
| 260 |
_aDelhi _bShipra Publications _c2014 |
||
| 270 |
_aLG-18-19,Pankaj Central Market,I.P.Ext. Patparganj _bDelhi _e110092 |
||
| 300 |
_axii,220p. _c23cm(pbk) |
||
| 500 | _aIncludes index | ||
| 700 | _aC. Seshartnam | ||
| 700 | _a Emmanual D.K. Meduri | ||
| 942 |
_2ddc _cEN _mBHA |
||
| 999 |
_c142544 _d142544 |
||